000 00543nam a2200169Ia 4500
005 20250508160033.0
008 008 250505s9999 xx 000 0 eng d
037 _aBooks to be hide in OPAC
040 _aFEDL
_beng
_cFEDL
041 _aeng
_2eng
084 _a371.426 954 12, BIH
_qFEDL
245 0 _aCode of regulation for the management of the reformatory school at Hazaribagh
260 _aPatna, India
_bGovernment Press
_c1915
300 _a88p.
942 _cHB
_h371.426 954 12, BIH
999 _c1361281
_d1361281